000 01001cam a2200253 a 4500
001 000002563
005 20200929150220.0
008 920904s1993 pr a b s001 p spa
020 _a0847701786
040 _aDO-SdBNP
_bspa
_cBNPHU
082 _aPR861.44
_bP157t
100 1 _aPalés Matos, Luis,
_d1898-1959
_98067
245 1 0 _aTuntún de pasa y grifería /
_cLuis Palés Matos; edición de Mercedes López-Baralt.
260 _aSan Juan :
_bInstituto de Cultura Puertorriqueña,
_bEditorial de la Universidad de Puerto Rico,
_c1993.
300 _a226 p. :
_bil. ;
_c20 cm.
490 1 _aPuertorriqueña
_vno. 4
504 _aIncluye referencias bibliográficas (p. [61]-68) y citas al pie de página.
650 4 _aPoesía puertorriqueña
_91015
650 4 _aNegros
_xPoesías
_98068
650 4 _aLiteratura puertorriqueña
_9250
700 1 _aLópez-Baralt, Mercedes,
_d1942-
_eed.
_98069
710 2 _aEditorial de la Universidad de Puerto Rico.
_98070
830 0 _aPuertorriqueña;
_vno. 4
_98071
999 _c2399
_d2399